| 000 | 00626nam a22002057a 4500 | ||
|---|---|---|---|
| 999 |
_c11745 _d11745 |
||
| 003 | AR-CdUCM | ||
| 008 | 190404b ||||| |||| 00| 0 spa d | ||
| 040 |
_aMUNICIPALIDAD PROVINCIAL DEL CUSCO _cBIBLIOTECA MUNICIPAL DEL CUSCO |
||
| 082 |
_aEP / 869.1508 / _bB94 |
||
| 100 |
_aBurgos, Estrella _929251 |
||
| 245 | _aEl Cometa Halley / | ||
| 260 |
_aMéxico : _bAjusco S. A. ; _c1985. |
||
| 300 |
_a32 páginas ; _bIlustraciones _c27cm |
||
| 505 | _a Contenido: El cometa | ||
| 650 |
_aEducación primaria _91561 |
||
| 650 |
_aHalley _929252 |
||
| 710 |
_aUNAM _929253 |
||
| 942 |
_2ddc _cLIBROS |
||
| 945 |
_anom _d2019-04-04 |
||